000 00614nam a2200229Ia 4500
003 OSt
005 20221006153035.0
006 a|||||r|||| 00| 0
007 ta
008 221006b |||||||| |||| 00| 0 kor d
020 _cW8,000
024 _a31,109
037 _bGift, Korea Foundation
_cTextual
040 _aEASL
_cEASL
_bkor
041 _2kor
_akor
100 _aILOUILMUNHAKKWA
_9662272
245 0 _aIlbonuro-ui-chhodae
260 _aDaejon
_bChhungnam University
_c2002
300 _a314p.
_ccm.
942 _cTEXL
_2CC
999 _c1099195
_d1099195